000 00334nam a22001457a 4500
020 _a817198052x
082 _a657 MON
100 _aMONGA, J.R.
245 _aFinancial Accounting
250 _aSixteenth
260 _aNew Delhi
_bMalik and Sons
_c2001
300 _a320P
_bill.;20CM
650 _aFinancial Accounting
942 _cBK
999 _c16437
_d16437